000 00501cam a22001932 4500
001 0000003585
005 20170406115137.0
008 140624s xx 000 0 eng d
020 _c$
040 _aYour Holding Symbol
_cYour Holding Symbol
100 1 _aMagill,Frank.N.
245 1 0 _aMasterplots.
250 _a ed.
260 _aNew york :
_bSaleme,
_c1952.
300 _a566 p. ;
_c cm.
650 0 _amasterplots.
908 _a140624
999 _c3459
_d3459